Theory, objective questions with detailed solutions in electrical for competitions / (Record no. 59611)

MARC details
000 -LEADER
fixed length control field 00951nam a22002537a 4500
005 - DATE AND TIME OF LATEST TRANSACTION
control field 2011121906566.0
008 - FIXED-LENGTH DATA ELEMENTS--GENERAL INFORMATION
fixed length control field 111219t xxu||||| |||| 00| 0 eng d
010 ## - LCCN (DPL NO)
LC control number ENG-104390
020 ## - INTERNATIONAL STANDARD BOOK NUMBER
International Standard Book Number 9788175156128
Terms of availability 450.00
035 ## - SYSTEM CONTROL NUMBER
System control number EN -87923
037 ## - SOURCE OF ACQUISITION
Source of stock number/acquisition DBAD/PUB
040 ## - CATALOGING SOURCE
Original cataloging agency DPL
Language of cataloging Eng
082 ## - DEWEY DECIMAL CLASSIFICATION NUMBER
Classification number 621.3
100 ## - MAIN ENTRY--PERSONAL NAME
9 (RLIN) 36352
Personal name Karna, Satish K.
245 ## - TITLE STATEMENT
Title Theory, objective questions with detailed solutions in electrical for competitions /
Statement of responsibility, etc by Satish K. Karna; compiled by Vibha Karna
260 ## - PUBLICATION, DISTRIBUTION, ETC. (IMPRINT)
Place of publication, distribution, etc New Delhi
Name of publisher, distributor, etc Galgotia Publications
Date of publication, distribution, etc 2010
270 ## - ADDRESS
Address 5, Ansari Road, Darya Ganj,
City New Delhi
Postal code 110002
300 ## - PHYSICAL DESCRIPTION
Extent vi,1158p. :
Dimensions 28cm(pbk)
Other physical details ill.
600 ## - SUBJECT ADDED ENTRY--PERSONAL NAME
9 (RLIN) 36476
610 ## - SUBJECT ADDED ENTRY--CORPORATE NAME
9 (RLIN) 36477
700 ## - ADDED ENTRY--PERSONAL NAME
Personal name Karna, Vibha
9 (RLIN) 37118
942 ## - ADDED ENTRY ELEMENTS (KOHA)
Source of classification or shelving scheme Dewey Decimal Classification
Item type English Books
Call number suffix KAR
Classification part 621.3
Holdings
Withdrawn status Lost status Source of classification or shelving scheme Damaged status Not for loan Collection code Home library Current library Date acquired Source of acquisition Cost, normal purchase price Total Checkouts Full call number Barcode Date last seen Copy number Cost, replacement price Koha item type
    Dewey Decimal Classification   Not For Loan Non-fiction D.B.Act.Division D.B.Act.Division 19/12/2011 DBAD / PUB 450.00   621.3 KAR EN -87923 19/12/2011 1 450.00 English Books

© Delhi Public Library
Hit Counter
free hit counter